| 000 | 00361nam a2200133Ia 4500 | ||
|---|---|---|---|
| 008 | 240624s9999 xx 000 0 und d | ||
| 041 | _aeng | ||
| 082 | _a658.4036 LEO | ||
| 100 | _aLEONARD DOROTHY | ||
| 245 | _aWHEN SPARKS FLY HARNESS THE POWER OF GRO | ||
| 260 |
_c1999 _aBoston _bHarvard Businesss School Press |
||
| 300 | _ax, : 242p. ; 20cm. | ||
| 365 |
_c _b30 |
||
| 999 |
_c4801 _d4801 |
||